[Event "Cappelle op 29th"]
[Site "Cappelle la Grande"]
[Date "2013.03.02"]
[Round "9"]
[White "Ramez, Jean Simon"]
[Black "Iwanow, Anna"]
[Result "0-1"]
[WhiteElo "1920"]
[BlackElo "2216"]
[PlyCount "46"]
[EventDate "2013.02.23"]
[EventType "swiss"]
[EventRounds "9"]
[EventCountry "FRA"]
[SourceTitle "CBM 153 Extra"]
[Source "ChessBase"]
[SourceDate "2013.04.22"]
[SourceVersion "1"]
[SourceVersionDate "2013.04.22"]
[SourceQuality "1"]

1. d4 Nf6 2. c4 g6 3. Nc3 Bg7 4. e4 0-0 5. e5 Ne8 6. f4 d6 7. Nf3 dxe5 8. fxe5 c5 9. d5 Bg4 10. Bf4 Nd7 11. Qe2 Qb8 12. d6 exd6 13. exd6 Nef6 14. 0-0-0 Re8 15. Qc2 a6 16. Be2 b5 17. h3 Be6 18. Be5 Nxe5 19. Nxe5 Bf5 20. d7 Bh6+ 21. Qd2 Bxd2+ 22. Rxd2 Rxe5 23. d8Q+ Qxd8 0-1